Sports Quiz

Random Sports or Football Quiz

Detroit Lions All-Time Rushing Touchdowns Quiz Stats

Quiz not verified by Sporcle

Challenge
Share
Tweet
Embed
Score 0/17 Timer 07:00
0 Plays Today
Touchdowns Player % Correct
99Barry Sanders
100%
42Billy Sims
77.9%
24Kevin Jones
67.6%
23James Jones
66.2%
17Kevin Smith
56.6%
26Mel Farr
27.2%
18Dexter Bussey
26.5%
20Steve Owens
22.8%
19Greg Landry
22.1%
Touchdowns Player % Correct
36Dutch Clark
16.9%
24Altie Taylor
16.9%
28Nick Pietrosante
8.1%
17Bob Hoernschemeyer
2.2%
20Ernie Caddel
1.5%
20Ace Gutowsky
1.5%
17Gene Gedman
1.5%
18Glenn Presnell
0.7%

You're not logged in!

Compare scores with friends on all Sporcle quizzes.
Sign Up with Email
OR
Log In

You Might Also Like...

Show Comments

Extras

Top Quizzes Today


Score Distribution

Your Account Isn't Verified!

In order to create a playlist on Sporcle, you need to verify the email address you used during registration. Go to your Sporcle Settings to finish the process.